000
00325nam a2200109Ia 4500
008
160531s9999 xx 000 0 und d
100
_a
Schopenhauer, Arthur.
245
_a
Studies in Pessimism
245
_c
by Arthur Schopenhauer
260
_c
2012
856
_u
https://ebooks.adelaide.edu.au/s/schopenhauer/arthur/pessimism/
999
_c
295169
_d
295169